📖💬 Paroles "Les animaux malades de la peste" la Fontaine - Statistiques

Statistiques générales
  • Ce quiz a été pris 155 fois
  • Le résultat moyen est 299 sur 474
Statistiques - réponses
Mots % Correct
l'
100%
L'
100%
m'
100%
s'
100%
A
98%
a
98%
à
98%
Achéron,
98%
d'
98%
D'
98%
et
98%
Et
98%
ma
98%
n'
98%
98%
ou
98%
Un
98%
un
98%
il
96%
J'
96%
"J'
96%
la
96%
La
96%
96%
le
96%
Le
96%
qu'
96%
Qu'
96%
de
95%
les
95%
Les
95%
sa
95%
Sa
95%
mal
93%
Mal
93%
mal.
93%
que
93%
Que
93%
ai
91%
ce
91%
Ce
91%
en
91%
En
91%
Je
91%
je
91%
mais
91%
On
91%
on
91%
par
91%
Peste
91%
se
91%
Se
91%
Animaux
89%
animaux
89%
au
89%
Au
89%
ne
89%
Ne
89%
tous,
89%
tous
89%
Tous
89%
pas
87%
son
87%
me
85%
qui
85%
vous
85%
Vous
85%
Ils
84%
ils
84%
est
82%
Est-
82%
tout
82%
des
80%
jour
80%
pour
80%
Pour
80%
sur
80%
une
80%
ces
78%
dit :
78%
dit
78%
Ni
76%
ni
76%
Âne
75%
du
75%
Du
75%
étaient
75%
Lion
75%
nous
75%
Plus
75%
plus
75%
moi,
73%
moi ;
73%
roi ;
71%
Car
69%
aux
67%
bon
67%
faut
67%
faut ;
67%
peu
67%
Renard,
67%
Renard ;
67%
bien !
65%
bien
65%
pré
65%
Vos
65%
avaient-
64%
être
64%
fait
64%
fait ?
64%
"Mes
64%
mes
64%
nos
64%
tour,
64%
cour
62%
leur
62%
mort
62%
quel
62%
animal,
60%
donc
60%
donc,
60%
êtes
60%
haro
60%
sans
60%
autres
58%
dire
58%
Loup
58%
amis,
56%
cria
56%
était
56%
nom),
56%
Ours,
56%
Peut-
56%
peut
56%
vie ;
56%
mots,
55%
quant
55%
Rien
55%
appeler
53%
baudet.
53%
chers
53%
coupable
53%
fut
53%
herbe
53%
manger
53%
Manger
53%
petits
53%
blanc
51%
cette
51%
Ciel
51%
crois
51%
moins
51%
noir.
51%
pense
51%
punir
51%
trop
51%
avais
49%
chacun
49%
chacun,
49%
crime
49%
mourraient
49%
notre
49%
Quelque
49%
quelque
49%
toute
49%
berger
47%
berger,
47%
font
47%
(puisqu'
47%
puisqu'
47%
arrivé
45%
point
45%
point,
45%
terre,
45%
venait
45%
gens-
44%
gens
44%
moutons.
44%
moutons,
44%
péché ?
44%
Tigre,
44%
aussi
42%
autrui !
42%
conseil,
42%
fit
42%
honneur ;
42%
jugements
42%
maux,
42%
Même
42%
Nul
42%
nul
42%
puissant
42%
sacrifie
42%
- Sire,
42%
droit,
40%
guerre.
40%
langue ;
40%
Non,
40%
non.
40%
tint
40%
ainsi
38%
Ainsi
38%
faim,
38%
misérable,
38%
saints.
38%
abominable !
36%
joie.
36%
largeur
36%
accuse
35%
amour,
35%
beaucoup
35%
Capable
35%
capable
35%
nulle
35%
Seigneur,
35%
vint
35%
espèce,
33%
parler
33%
crimes
31%
frappés :
31%
fureur
31%
justice,
31%
maudit
31%
selon
31%
Selon
31%
voir
31%
voir.
31%
enrichir
29%
fallait
29%
force
29%
péchés
29%
Renards
29%
envie ;
27%
Faisait
27%
fîtes,
27%
Loups
27%
Mâtins,
27%
répand
27%
terreur,
27%
doit
25%
cas
24%
conscience.
24%
dévoré
24%
dévouer
24%
diable
24%
offense ;
24%
rendront
24%
souvenance
24%
applaudir.
22%
chimérique
22%
empire."
22%
harangue
22%
moines
22%
mourante
22%
sotte
22%
excitait
20%
Inventa
20%
jusqu'
20%
passant,
20%
pelé,
20%
pendable.
20%
périsse.
20%
proie ;
20%
puissances,
20%
serez
20%
courroux ;
18%
croquant,
18%
délicatesse.
18%
dévouerai
18%
douce
18%
flatteurs
18%
fuyaient :
18%
galeux,
18%
histoire
18%
innocente
18%
mets
18%
offenses.
18%
osa
18%
pareils
18%
partant
18%
peccadille
18%
poussant,
18%
scrupules
18%
tels
18%
tendre,
18%
Tourterelles
18%
appétits
16%
apprend
16%
canaille,
16%
céleste
16%
chercher
16%
clerc,
16%
expier
16%
forfait.
16%
gloutons,
16%
net."
16%
quelquefois
16%
simples
16%
tondis
16%
voyait
16%
jugée
15%
occasion,
15%
prouva
15%
approfondir
13%
commune.
13%
état
13%
guérison
13%
pardonnables
13%
satisfaisant
13%
dévouements.
11%
digne
11%
épiaient
11%
obtiendra
11%
permis
11%
Etant
9%
infortune.
9%
soutien
9%
traits
9%
accidents
7%
indulgence
7%
occupés
7%
flattons
5%
souhaiter,
5%
voyons
5%
querelleurs,
4%
Aucun quiz correspondant
Distribution des résultats
% des personnes avec chaque résultat
Percentile par nombre de réponses
Votre historique - résultats
Vous n’avez pas pris ce quiz